000 00243 a2200085 4500
020 _a9781864707984
100 _a Zhang Xiaochun
245 _aBeautiful Villages: Rural Construction Practice in Contemporary China
260 _b Images Shenyang
_c2018
999 _c13284
_d13284